[Event "Krynica zt"]
[Site "Krynica"]
[Date "1998.09.03"]
[Round "2"]
[White "Macieja, Bartlomiej"]
[Black "Horvath, Csaba"]
[Result "1-0"]
[WhiteElo "2490"]
[BlackElo "2540"]
[Annotator "Finkel,A"]
[PlyCount "83"]
[EventDate "1998.09.02"]
[EventType "swiss"]
[EventRounds "9"]
[EventCountry "POL"]
[SourceTitle "CBM 067"]
[Source "ChessBase"]
[SourceDate "1998.11.30"]
[SourceVersion "2"]
[SourceVersionDate "1998.11.01"]
[SourceQuality "1"]

1. e4 e6 2. d4 d5 3. Nc3 Nf6 4. e5 Nfd7 5. f4 c5 6. Nf3 Nc6 7. Be3 a6 8. Qd2 b5
9. dxc5 Bxc5 10. Bxc5 Nxc5 11. Qf2 Qb6 12. Bd3 b4 13. Ne2 a5 14. O-O Ba6 15.
Kh1 Ne7 16. Rad1 $5 {In this position white has tried different moves,but none
of them leads to clear advantage;in all cases black has sufficient
counterchanses.Let's see a few examples:} (16. Ng3 Na4 (16... g6 $5 17. Ne2 Rb8
18. Bxa6 Nxa6 19. Ned4 Nc6 20. Nxc6 Qxc6 $11 {Cladouras,P-Naiditsch,A/FSGM
April, Budapest HUN 1998 (35)}) 17. Nd4 (17. Qxb6 Nxb6 18. Nd4 g6 19. Bxa6 Rxa6
20. a3 bxa3 $5 21. Rxa3 Kd7 $132 {Votava,J-Glek,I/BL9697 1997 (40)}) 17... g6
18. Rae1 Nxb2 19. Bxa6 Rxa6 20. f5 $1 exf5 21. e6 $1 $40 {Blatny,P-Glek,I/
Vienna op 1996 (47)}) (16. h3 h6 17. Rad1 O-O 18. g4 Na4 19. Qxb6 Nxb6 20. b3
Nd7 21. Kh2 Rfc8 22. Ned4 $14 {Nijboer,F-Kuijf,M/NLD-ch 1996 (39)}) (16. b3 h6
17. Ng3 g6 18. Qd2 Nf5 $5 19. Nxf5 gxf5 20. Bxa6 Qxa6 21. Qe3 Ne4 $15 {Renet,
O-Glek,I/EUCup Gr1 1995/0-1 (52)}) (16. Rfd1 h6 $5 17. Ned4 O-O 18. Qh4 Ra7 19.
g4 Ng6 20. Bxg6 $2 fxg6 $17 {[%csl Rf4] Mainka,R-Glek,I/Recklinghausen 1995 
(32)}) 16... Na4 ({Deserves attention} 16... Rc8 17. Ng3 h5 $5 18. Ne2 Qb7 19.
Ned4 Ne4 20. Qe2 Bc4 21. Ng5 Nxg5 22. fxg5 g6 $13 {with complicated position;
Zakic,S-Certic,B/Belgrade-A 1990/1-0 (51)}) 17. Qxb6 Nxb6 18. b3 $5 (18. Rf2 $6
Na4 19. Rb1 Nc5 20. Bxa6 Rxa6 21. Ned4 g6 22. Kg1 Ne4 $15 {Mueller,M-Ellers,H/
BL9697 1997 (57)}) (18. Ned4 Na4 19. Rb1 O-O (19... Nc5 $5 20. Rfd1 O-O 21. Kg1
a4 22. Kf2 Rfb8 $132 {Vehi Bach,V-Glek,I/Biel op MTO 1997/1/2-1/2 (55)}) 20.
Kg1 Rfc8 21. Kf2 Rc7 22. g4 g6 23. Ke3 $14 {Nunn,J-Glek,I/BL9293 1993 (44)})
18... O-O $6 {Till this moment neither side made any new move,but on this move
black decides to deviate and does it not very successfully.Better is} (18...
Nd7 $5 19. Kg1 Nc5 20. Kf2 Ne4+ 21. Ke1 Nf5 22. Rc1 Ne3 $13 {with unclear
position with mutual chanses;Riemersma,L-Glek,I/Bussum op 1995 (46)}) 19. Bxa6
Rxa6 20. a3 $1 $14 Nd7 $6 ({Mor in the spirit of the position was} 20... bxa3
$5 21. Ra1 a4 22. Rxa3 Rc8 23. Nfd4 Raa8 24. Rfa1 axb3 25. cxb3 $14 {with
minimal advantage for white.}) 21. Ra1 $1 {[%cal Ga1a2,Gf1a1] White has very
simple plan how to improve his position and black can do nothing to prevent it.
} Raa8 (21... Rb8 $5 22. Ra2 a4 23. axb4 Rxb4 24. Rfa1 Nc5 25. Nfd4 Rab6 26. c3
(26. bxa4 Rb1+ 27. Nc1 Rxa1 28. Rxa1 Rb4 $11) 26... Rxb3 27. Nxb3 Rxb3 28. g3
$14) 22. Ra2 Nc5 23. Rfa1 Rac8 24. axb4 axb4 25. Ned4 $5 {[%csl Rb4]} g6 (25...
f6 26. exf6 gxf6 27. Ra5 Rfe8 28. Rb5 Ng6 29. f5 exf5 30. Nxf5 $16) 26. Ra5 $16
{[%cal Ga5b5] As strange as it seems,but black can't protect the pawn on b4!}
Nf5 27. Rb5 Ne4 ({Nothing changes} 27... Nxd4 28. Nxd4 Ra8 29. Re1 Ne4 30. Rxb4
$16) 28. Rxb4 Ne3 29. Ne1 f6 30. Nxe6 fxe5 $6 ({More persistant was} 30... Rfe8
31. Nd4 fxe5 32. fxe5 Rxe5 33. Rb7 $18 {[%csl Rg8][%cal Ga1a7] ,but also here
white has decisive advantage.}) 31. Nxf8 Rxf8 32. Rb7 $18 Nc5 (32... Rxf4 33.
Ra8+ Rf8 34. Rxf8+ Kxf8 35. Rxh7 $18) 33. Re7 e4 34. b4 Nf5 35. Re5 {The rest
is not so interesting:white is an exchange and the two pawns up and black
could resign right away.} Nd7 36. Rxd5 Nb6 37. Re5 e3 38. g4 Nd6 39. Rxe3 Rxf4
40. h3 Rxb4 41. Rb3 Rxb3 42. cxb3 1-0

[Event "Olympiad-36"]
[Site "Mallorca"]
[Date "2004.10.20"]
[Round "6"]
[White "Thorhallsson, Throstur"]
[Black "Sadvakasov, Darmen"]
[Result "0-1"]
[WhiteElo "2460"]
[BlackElo "2631"]
[Annotator "Finkel,A"]
[PlyCount "66"]
[EventDate "2004.10.15"]
[EventType "team-swiss"]
[EventRounds "14"]
[EventCountry "ESP"]
[SourceTitle "CBM 104"]
[Source "ChessBase"]
[SourceDate "2005.01.27"]
[SourceVersion "1"]
[SourceVersionDate "2005.01.27"]
[SourceQuality "1"]
[WhiteTeam "Iceland"]
[BlackTeam "Kazakhstan"]
[WhiteTeamCountry "ISL"]
[BlackTeamCountry "KAZ"]

1. e4 e6 2. d4 d5 3. Nc3 Nf6 4. e5 Nfd7 5. f4 c5 6. Nf3 Nc6 7. Be3 cxd4 8. Nxd4
Bc5 9. Qd2 O-O 10. O-O-O a6 11. h4 Nxd4 12. Bxd4 b5 13. Rh3 {One of the most
critical positions of the French defence. Hundreds of games have been played
in this line thus far, but the latest ones seem to indicate that black's
chances to equalize are higher than white's chances to get an opening
advantage.} (13. h5 b4 14. Ne2 (14. Na4 Bxd4 15. Qxd4 a5 {Nunn,J-Lputian,S/
Manila ol/1992/}) 14... a5 15. Bxc5 Nxc5 16. Qe3 Qb6 $13 {Smirin,A-Lputian,S/
Rostov/1993/}) 13... Bb7 $5 {Tricky move. All the latest games saw 13...b4
followed by the advance of an a-pawn afterwards, which appears to be quite
safe option for black. However it's pretty difficult to play for a win with
black in that line, so Sadvakasov comes up with 13..Bb7.} (13... b4 14. Na4
Bxd4 15. Qxd4 Qa5 16. b3 Bb7 17. c3 $1 (17. Kb1 Bc6 18. c3 $14) 17... Rfc8 18.
Kb2 bxc3+ 19. Rxc3 Rxc3 20. Qxc3 {Nijboer,F-Luther,T/Leuwaarden/1992/} Qd8 21.
Rc1 Rc8 22. Qb4 Qxh4 23. Qxb7 Qf2+ 24. Ka3 Rxc1 25. Qxd7 g6 26. Bxa6 Ra1 $14 {
Nijboer}) (13... Qb6 14. h5 Ra7 15. Rg3 Bxd4 16. Qxd4 Qxd4 17. Rxd4 Nb8 18. Rd2
Nc6 19. Ne2 b4 20. Nd4 Bd7 $10 {Tischbierek,R-Zysk,R/BL9293/}) 14. h5 {Typical
move for this kind of positions, but it was more accurate to start with 14.
Kb1!?} (14. Kb1 $5 b4 15. Na4 Bxd4 16. Qxd4 Qa5 17. b3 Bc6 18. Nb2 (18. c3 Rab8
$15) 18... Bb5 19. h5 Bxf1 20. Rxf1 Qb5 21. Nd3 a5 22. f5 $36) 14... b4 15. Na4
(15. Ne2) 15... Bxd4 16. Qxd4 Qa5 17. b3 Bc6 18. Nb2 {Doesn't work} (18. c3 $2
Bxa4 19. cxb4 Qc7+ 20. Rc3 Bc6 $19) 18... Qxa2 (18... Rfc8 19. Nd3 (19. f5 Qc7
20. Qxb4 Nxe5 21. h6 exf5 22. hxg7 Bd7 23. Rd2 f4 $40 {Tischbierek,R-Knaak,R/
Germany 1992}) 19... Bb5 20. Kb1 Qc7 21. Rc1 a5 22. f5 Bxd3 23. Bxd3 Qxe5 24.
Qh4 exf5 25. Rf1 Re8 $13 {Zelcic,R-Dizdar,G/Pula 1999}) 19. Nd3 (19. Rg3 $6
Qa1+ 20. Kd2 Qa5 21. Nd3 Bb5 22. f5 Bxd3 23. Bxd3 Qc7 24. Re1 exf5 25. Bxf5 Qb6
$13 {Ollivier,A-Arnold,L/IECC email 2000}) 19... Bb5 (19... a5 $4 20. Kd2 $18 {
[%cal Gd1a1]}) 20. Nxb4 (20. Kd2 Rfc8 21. Nxb4 Qa5 22. Ra1 Qd8 23. Bxb5 axb5
24. Rxa8 Rxa8 25. Rc3 Qh4 26. Rc7 Nf8 $15) 20... Qa5 21. Kb2 $6 {Too slow. The
position was calling for more drastic measures, so white sould've started an
immediate actions on the kingside with} (21. h6 $5 Bxf1 22. Rxf1 Rfb8 23. Nd3
g6 24. f5 $1 Rc8 25. fxe6 fxe6 26. Rhf3 $36 {[%cal Gf3f7,Gf7g7] and black has
to be carefull to keep the balance.}) 21... Bxf1 22. Rxf1 Qb5 23. Nd3 $6 {
Another inaccuracy, after whch black's attack bnecomes unstoppable.} (23. Ra1
$5 a5 24. Nd3 h6 $15) 23... a5 $40 {[%cal Ga5a4,Ga4b3,Gb5a5]} 24. f5 a4 25. f6
gxf6 26. exf6 Kh8 27. Qb4 (27. Rg3 axb3 28. cxb3 Rfb8 $19) 27... Qc6 28. Nf4
Rfc8 29. c3 Qa6 $19 {[%cal Gc8b8] White is helpless against Rfb8.} 30. Ra1 Rcb8
31. Qe7 Rxb3+ 32. Kc2 Ne5 33. Re3 Rab8 (33... Rab8 34. Ra2 Qf1 $1 $19) 0-1

[Event "United Insurance 6th"]
[Site "Dhaka"]
[Date "2003.03.14"]
[Round "7"]
[White "Hossain, Enamul"]
[Black "Vakhidov, Tahir"]
[Result "1/2-1/2"]
[WhiteElo "2451"]
[BlackElo "2546"]
[Annotator "Finkel,A"]
[PlyCount "140"]
[EventDate "2003.03.08"]
[EventType "tourn"]
[EventRounds "13"]
[EventCountry "BAN"]
[EventCategory "9"]
[SourceTitle "CBM 095"]
[Source "ChessBase"]
[SourceDate "2003.07.25"]
[SourceVersion "1"]
[SourceVersionDate "2003.07.25"]
[SourceQuality "1"]

1. e4 e6 2. d4 d5 3. Nc3 Nf6 4. e5 Nfd7 5. f4 c5 6. Nf3 Nc6 7. Be3 a6 8. Qd2
cxd4 9. Nxd4 Bc5 10. O-O-O Nxd4 11. Bxd4 O-O 12. Qf2 $5 {This move is starting
to gain popularity after Krmanik had used it in his game against Radjabov in
the last Linares tournament. In my opinion this move is extremly unpleasent
for black since he has to look for escape in the slightly worse endgame with
no real chances to get more than a half of point.} Qc7 13. Bd3 (13. Bxc5 Nxc5
14. Bd3 f6 15. exf6 Rxf6 16. g3 Bd7 17. Qd4 $14 {Schmid,G-Janka,H/Koetzting
1988}) (13. g4 $5 b5 14. Bd3 b4 15. Qh4 h6 16. Ne2 f6 17. Bxc5 Nxc5 18. exf6
Rxf6 19. g5 $36 {Kosmol,H-Uiess,H/ICCF-Cup corr 1994}) 13... Bxd4 {Radjabov
didn't take his chance to trade the queens and very soon found himself under
the decisive attack:} (13... b5 14. Qh4 {This is white's idea - to create a
couple weaknesses on the King side and to push pawns to open up a position of
the black king.} (14. Ne2 Be7 15. Kb1 Bb7 16. Rhe1 Rae8 17. Qg3 f5 18. exf6
Bxf6 19. Qh3 $14 {Moreda,L-Kovacevic,B/Nova Gorica 2001}) 14... h6 15. Ne2 f6 (
15... Bb7 16. g4 $1 {[%csl Rg8][%cal Gg4g5]} f6 17. g5 fxe5 18. gxh6 $1 $18
exd4 $140 19. hxg7 Rf6 20. Qh7+ Kf7 21. g8=Q#) 16. Qg4 $36 {Kramnik,V-Radjabov,
T/Linares 2003/CBM 94_01}) 14. Qxd4 Qc5 (14... b5 15. Rhe1 Qb6 16. Qxb6 Nxb6
17. Ne2 b4 18. Nd4 a5 19. b3 $14 {Pedzich,D-Aaberg,A/Copenhagen 1991}) 15. Ne2
b6 (15... Qxd4 16. Nxd4 Nc5 17. Rhe1 $14) ({Doesn't work 15...f6 since white
is better prepared to open up a center.} 15... f6 16. exf6 gxf6 17. Rhe1 e5 (
17... b6 18. c3 Bb7 19. Bc2 $16) 18. fxe5 fxe5 19. Qg4+ Kh8 20. Nc3 Nf6 21. Qg5
$1 $16 {[%csl Re5][%cal Gg5c5]}) 16. Kb1 (16. Rhe1 $5 Bb7 17. f5 f6 (17... exf5
18. Bxf5 Qxd4 19. Nxd4 Nc5 20. c3 $14) 18. fxe6 (18. exf6 e5 19. Qxc5 Nxc5 20.
fxg7 Kxg7 21. Ng3 Kf6 $44) 18... Nxe5 19. Qf4 Rac8 20. Nd4 Qa5 21. Kb1 $14)
16... Bb7 17. c3 Bc6 18. Bc2 $1 {White is aware of black's plan to trade the
bishops and he takes necessary precautions against it.} Bb5 19. Qd2 (19. Rhe1
Bxe2 20. Rxe2 Qxd4 21. cxd4 $14) 19... Bxe2 20. Qxe2 Rfd8 21. f5 $1 {White
can't wait with this break because black's counterplay on the queenside may
become very menacing.} (21. g4 $6 b5 22. f5 b4 23. cxb4 Qxb4 $15) 21... exf5 (
21... b5 $2 22. Qh5 Nf8 23. f6 Ng6 24. Rd4 $1 $18 {[%cal Gd4h4]}) 22. Bxf5 Nf8
23. e6 fxe6 24. Bxe6+ Kh8 (24... Nxe6 25. Qxe6+ Kh8 26. Rhe1 $16) 25. Bf7 d4 $1
{[%cal Gc5f5]} 26. Qf2 $1 {Forcing transposition into clearly better endgame
in which white bishop dominates poor black knight.} (26. Rxd4 $4 Rxd4 27. cxd4
Qf5+ $19) 26... dxc3 27. Qxc5 bxc5 28. bxc3 $16 {[%csl Ra6,Rc5]} Rdb8+ 29. Kc2
Ra7 30. Bc4 (30. Bd5 $5) 30... Nd7 31. Rb1 (31. Rd6 $5 Rab7 (31... Ne5 32. Bxa6
Rba8 33. Re1 Nf7 34. Rde6 $18) 32. Rhd1 Rb2+ 33. Kc1 Nf8 34. R1d2 Rb1+ 35. Kc2
$16) 31... Rxb1 32. Rxb1 g6 33. Be6 $5 {I'm not sure white has to play this
one, but it certainly doesn't spoil anything.} (33. Rd1 Kg7 34. Rd6 a5 35. Rc6
$16) 33... Kg7 34. Rd1 Ne5 35. Rd6 a5 36. h3 Kf6 37. Bc8+ Kf7 38. Rd5 Nc4 39.
Rxc5 (39. Kd3 $6 Nb2+ 40. Ke3 Rc7 41. Ba6) 39... Ne3+ 40. Kb3 Nxg2 41. Ka4 Nf4
42. Rc6 (42. Kb5 a4 43. a3) 42... Ke7 43. c4 Nd3 44. Bg4 (44. a3 $1) 44... Nb4
45. Re6+ Kf7 46. Re2 h5 47. Bf3 Rc7 48. Kb5 Nd3 49. Kxa5 Kf6 50. Bd5 $6 {
Giving up a bishop is most definitly a wrong idea, even though white keeps
good winning chance even after the move in the game.} (50. Rc2 Ra7+ 51. Kb5 Ra3
52. Bb7 $18) 50... Nf4 51. Rd2 $6 (51. Kb6 Rd7 52. Rd2 Nxh3 53. a4 Nf4 54. a5
$16) 51... Nxd5 52. cxd5 Ke5 53. Kb6 (53. d6 Rd7 54. Kb6 Rxd6+ 55. Rxd6 Kxd6
56. a4 g5 57. a5 g4 $11) 53... Kd6 54. a4 Rc3 $132 55. Rb2 {[%csl Gb3]} (55. a5
Rb3+ 56. Ka7 h4 57. a6 Rxh3 58. Rb2 g5 59. Kb7 Ra3 60. a7 Rxa7+ 61. Kxa7 h3 62.
Rb6+ Kxd5 63. Rh6 g4 64. Rh4 Ke4 $11) 55... Rxh3 56. a5 Kxd5 57. a6 Ra3 58.
Rb5+ Ke4 59. Ra5 Rf3 60. a7 Rf8 61. a8=Q+ Rxa8 62. Rxa8 h4 63. Kc5 g5 64. Rh8
g4 65. Rxh4 Kf3 66. Kd4 g3 67. Rh3 Kf2 68. Ke4 g2 69. Rf3+ Ke2 70. Rg3 Kf2
1/2-1/2

[Event "Olympiad-36"]
[Site "Mallorca"]
[Date "2004.10.17"]
[Round "3"]
[White "Tissir, Mohamed"]
[Black "Kasimdzhanov, Rustam"]
[Result "0-1"]
[WhiteElo "2394"]
[BlackElo "2650"]
[Annotator "Finkel,A"]
[PlyCount "170"]
[EventDate "2004.10.15"]
[EventType "team-swiss"]
[EventRounds "14"]
[EventCountry "ESP"]
[SourceTitle "CBM 104"]
[Source "ChessBase"]
[SourceDate "2005.01.27"]
[SourceVersion "1"]
[SourceVersionDate "2005.01.27"]
[SourceQuality "1"]
[WhiteTeam "Morocco"]
[BlackTeam "Uzbekistan"]
[WhiteTeamCountry "MAR"]
[BlackTeamCountry "UZB"]

1. e4 e6 2. Nf3 (2. d4 d5 3. Nc3 Nf6 4. e5 Nfd7 5. Nf3) 2... d5 3. Nc3 Nf6 (
3... d4 4. Ne2 Nc6 5. Ng3) 4. e5 Nfd7 5. d4 c5 6. dxc5 Nc6 7. Bf4 Nxc5 $5 {
This move is less popular than 7...B:c5, but for no particular reason: black
seems to have very good chances to equalize after the move in the game.} (7...
Bxc5) 8. Bd3 Be7 9. O-O O-O 10. Bg3 $6 {The bishop has nothing to do on g3, so
it was better to play 10.Re1 instead.} (10. Re1 f5 (10... Nxd3 11. Qxd3 Bd7 12.
Rad1 Rc8 13. Nd4 Nxd4 14. Qxd4 Qb6 15. Be3 Qxd4 16. Bxd4 a6 $11 {Novak,
I-Lechtynsky,J/Decin 1973}) 11. exf6 Bxf6 12. Bg3 a6 13. Qd2 b5 14. a3 Ra7 15.
Re2 Rb7 16. Rae1 b4 17. axb4 Rxb4 18. Nd1 a5 $132 {Gufeld,E-Antoshin,V/Tbilisi
1956}) (10. Qd2 f5 11. exf6 Bxf6 12. Rae1 Bd7 13. Ne5 Nxe5 14. Bxe5 Bc6 15. Qe2
Bxe5 16. Qxe5 Rf6 17. Qd4 Qb6 18. Re3 Raf8 19. Ne2 Nd7 $11 {Erenburg,
S-Riazantsev,A/Kolontaevo 1998}) 10... Nxd3 (10... Qb6 11. a3 Bd7 12. Rb1 (12.
b4 Nxd3 13. Qxd3 Rfc8 14. Ne2 a6 15. c3 Na7 16. a4 Qc7 17. Nfd4 Nc6 18. f4 Nxd4
19. Qxd4 a5 $15 {Golubovic,B-Mohr,G/Bled 1993}) 12... Rfc8 13. Re1 Nxd3 14.
Qxd3 $6 Na5 15. Bh4 Bxh4 16. Nxh4 Nc4 $17 {Drozdov,I-Neverov,V/Kharkov 1988}) (
10... a6 11. Re1 f6 12. exf6 Bxf6 13. Qd2 Nxd3 14. Qxd3 Bd7 15. Nd1 Be8 $5 $13
{Ledger,A-Buckley,S/Scarborough}) 11. cxd3 Bd7 12. Ne2 Qb6 {It's obvious that
black is doing great after the opening.} 13. Rb1 a5 14. Nf4 (14. Qd2 $5 Rfc8
15. a3 a4 16. Qf4 Qb3 17. Rfd1 $132) 14... f6 15. exf6 Rxf6 16. d4 (16. Re1
Raf8 17. Qc1 Bc5 $17) 16... Raf8 17. Ne2 $6 {Permitting black to sacrifice an
exchange on f3.} (17. Qd2) 17... Rxf3 $1 18. gxf3 Be8 19. Rc1 (19. Qb3 $2 Qxb3
20. axb3 Bg6 21. Rbc1 Bd3 22. Rfe1 Bb4 23. Nc3 Nxd4 24. Kg2 Nxb3 $19) 19... Bg5
$6 {Black is losing a thread, letting white to consolidate the position.} (
19... Qxb2 20. Rb1 Qxa2 21. Rxb7 Bb4 22. Nf4 Rf7 $15) 20. Rc3 Bh5 (20... Qxb2
$2 21. f4 Bf6 22. Rb3 Qxa2 23. Nc3 $18) 21. Rb3 Qa6 22. Kg2 a4 23. Rc3 Qb5 $6
24. b3 axb3 25. Rxb3 Qc4 26. a3 $6 {It's white's turn to return a favor. After
correct} (26. Bd6 $1 Rd8 (26... Ra8 $6 27. Ng3 Bg6 28. Rxb7 Rxa2 29. f4 $16 {
[%cal Gd1g4]}) 27. Bf4 Bf6 28. Qd2 $14 {black would have to work hard to reach
an equality.}) 26... Na5 27. Rc3 Qa6 28. Ng1 (28. Be5 Nc4 29. Ng3 Bd2 30. Rb3
Be8 $15 {[%cal Ge8a4]}) 28... Nc4 29. Qe2 Bf6 30. Rd1 Qb6 31. Rxc4 dxc4 32.
Qxc4 Ra8 33. d5 $6 {Opening up the position just helps blak's bishops to
become more "influental".} (33. Be5 Be7 34. Rc1 Bf8 35. a4 Be8 36. Nh3 $132)
33... exd5 34. Qxd5+ Bf7 35. Qd3 Qc6 $15 {[%csl Ra3]} 36. Nh3 (36. Ne2 Bc4 37.
Qe3 Re8 38. Nd4 Rxe3 39. Nxc6 Rxa3 $17) 36... Bc4 $6 (36... Be7) 37. Qd6 Qxd6 (
37... Qe8 38. Qd7 Qxd7 39. Rxd7 b5 40. Bd6 Bb2 41. Ng5 h6 42. Ne4 Bxa3 43. h4
$15) 38. Bxd6 {Black has a minimal advantage, but white should hold this
endgame without too many difficulties.} Rd8 39. Rc1 Bb5 40. Bb4 Bc6 41. Re1 Kf7
(41... Rd4 $5) 42. Re3 Rd5 43. Bc3 Bd8 44. Re5 Rd3 45. Re3 Rd7 46. Bb4 $6 (46.
Nf4 $5 Bg5 (46... Bb6 47. Rd3) 47. Kg3 Rd1 48. h4 Be7 $13) 46... g5 {[%cal
Gg5g4]} 47. Kf1 (47. Kg3 Rd4 {[%cal Gd8c7]}) 47... Rd1+ 48. Ke2 Rh1 49. f4 gxf4
50. Nxf4 Rxh2 51. Nd3 (51. Rh3 Rxh3 52. Nxh3 h5 $17) 51... Bb5 52. Rf3+ Ke6 53.
Re3+ Kd7 54. Ke1 Rh1+ 55. Kd2 Bg5 56. f4 Rh2+ 57. Kd1 (57. Kc3) 57... Bh6 58.
Nc5+ Kc8 59. Rc3 (59. Ne6) 59... Bc6 60. Nd3 Kd8 61. Bd6 Rh1+ 62. Ke2 Rh2+ 63.
Kd1 Rh3 $15 64. Kc2 Be4 65. Kd2 Bf5 66. Bc7+ (66. a4) 66... Ke8 67. Be5 Bf8 68.
Nb4 Rxc3 69. Kxc3 h5 70. Bf6 Kf7 71. Bg5 Ke6 72. a4 Bg7+ 73. Kd2 Be4 74. Ke3
Bb1 75. Nd3 Kd5 76. Ne5 Bc2 77. a5 Bf8 78. Bd8 Bf5 79. Kf3 Bb4 80. Bb6 h4 81.
Ng4 Ke6 82. Ne3 Bd2 83. Bd8 Be1 84. Ke2 $2 (84. Kg2) 84... h3 85. Kf3 $2 (85.
Nf1) 85... Be4+ 0-1